[Event "ch-Moscow Final"]
[Site "Moscow RUS"]
[Date "2010.05.23"]
[Round "1"]
[White "Mozharov,M"]
[Black "Deviatkin,A"]
[Result "1/2-1/2"]
[WhiteElo "2474"]
[BlackElo "2574"]

1.d4 d5 2.c4 c6 3.Nf3 Nf6 4.Nc3 dxc4 5.a4 Bf5 6.Nh4 e6 7.Nxf5 exf5 8.e3 Bb4
9.Bxc4 O-O 10.O-O Nbd7 11.f3 Rc8 12.Qd3 c5 13.Nd5 Nxd5 14.Bxd5 Rc7 15.e4 Nb6
16.dxc5 Bxc5+ 17.Be3 fxe4 18.fxe4 Nxd5 19.exd5 Bxe3+ 20.Qxe3 Qxd5 21.Qxa7 h6
22.Qe3 Rc2 23.Rf2 Rfc8 24.Re1 Rxf2 25.Qxf2 Qc4 26.Re7 Qc1+ 27.Re1 Qc4 28.Re7 Qc1+
29.Re1  1/2-1/2

[Event "ch-Moscow Final"]
[Site "Moscow RUS"]
[Date "2010.05.23"]
[Round "1"]
[White "Rychagov,A"]
[Black "Chadaev,N"]
[Result "1/2-1/2"]
[WhiteElo "2551"]
[BlackElo "2565"]

1.d4 d5 2.c4 c6 3.Nf3 Nf6 4.Nc3 dxc4 5.a4 Bf5 6.Ne5 Nbd7 7.Nxc4 Nb6 8.Ne5 a5
9.f3 Nfd7 10.e4 Nxe5 11.dxe5 Qxd1+ 12.Kxd1 Be6 13.Kc2 Bc4 14.Be3 Bxf1 15.Rhxf1 Nd7
16.e6 fxe6 17.Rab1 g6 18.b4 axb4 19.Rxb4 b5 20.axb5 cxb5 21.Bd4 e5 22.Be3 Bg7
23.Rxb5 Rc8 24.Ra1 Kf7 25.Ra7 Nb8 26.Kd3 Nc6 27.Rab7 Rb8 28.Nd5 Rxb7 29.Rxb7 Rc8
30.Bg5 Bf8 31.Bd2 Nd8 32.Ra7 Nc6 33.Rb7 Nd8 34.Rd7 Ne6 35.Ra7 Nc5+ 36.Ke2 Ne6
37.Kd3 Nc5+ 38.Ke3 Ne6 39.Bb4 Re8 40.Bc3 Bh6+ 41.Kf2 Bg7 42.g3 h5 43.Bb4 Bf6
44.Ke3 h4 45.Kd3 hxg3 46.hxg3 g5 47.Ke3 Nf8 48.f4 gxf4+ 49.gxf4 exf4+ 50.Kxf4 Ng6+
51.Kf5 Nh4+ 52.Kf4 Ng6+ 53.Kf5 Nh4+ 54.Kf4  1/2-1/2

[Event "Six Seasons WIM"]
[Site "Narayanganj BAN"]
[Date "2010.05.25"]
[Round "4"]
[White "Enkhtuul,A"]
[Black "Sultana,S"]
[Result "1-0"]
[WhiteElo "2133"]
[BlackElo "1980"]

1.d4 d5 2.c4 c6 3.Nf3 Nf6 4.Nc3 dxc4 5.a4 Bf5 6.e3 e6 7.Bxc4 Bb4 8.O-O O-O
9.Qb3 Qe7 10.Bd2 a5 11.Rfe1 Bg4 12.Ne5 Bh5 13.Nd3 Na6 14.Nxb4 Qxb4 15.Ne4 Qxb3
16.Nxf6+ gxf6 17.Bxb3 b6 18.e4 Rfd8 19.Bc3 Rac8 20.Re3 Kf8 21.f4 f5 22.exf5 exf5
23.Re5 Bg6 24.Bc2 Nb4 25.Rc1 Nxc2 26.Rxc2 Re8 27.Rce2 Bh5 28.R2e3 Bd1 29.b4 f6
30.Re6 Kf7 31.d5 Rxe6 32.dxe6+ Ke7 33.bxa5 bxa5 34.Bxa5 Bxa4 35.Bb4+ c5 36.Rc3 Kxe6
37.Bxc5 Kd5 38.Rd3+ Kc4 39.Rd4+ Kb5 40.Be7 Rc1+ 41.Kf2 Bc2 42.Bxf6 Be4 43.Rd7 h5
44.Rh7 Rc2+ 45.Ke3 Rxg2 46.Rxh5 Kc4 47.Rh7 Kd5 48.h4 Rg3+ 49.Kd2 Rg2+ 50.Kc3 Rg3+
51.Kb4 Bf3 52.h5 Rh3 53.h6 Ke6 54.Bg5 Bd5 55.Re7+ Kd6 56.h7 Rb3+ 57.Ka4 Rh3
58.Bf6 Rh6 59.Ra7  1-0

[Event "2nd Kahraman Olgac Mem"]
[Site "Instanbul TUR"]
[Date "2010.05.26"]
[Round "6"]
[White "Kulaots,K"]
[Black "Esen,B"]
[Result "1-0"]
[WhiteElo "2572"]
[BlackElo "2521"]

1.d4 d5 2.c4 c6 3.Nf3 Nf6 4.Nc3 dxc4 5.a4 Bf5 6.Ne5 Nbd7 7.Nxc4 Qc7 8.g3 e5
9.dxe5 Nxe5 10.Bf4 Nfd7 11.Bg2 f6 12.O-O O-O-O 13.Rc1 Nb6 14.Nxb6+ Qxb6 15.Nd5 Qxb2
16.e4 Be6 17.Rc2 Qa3 18.Qd4 Bxd5 19.exd5 c5 20.Rb1 Rd7 21.Bxe5 fxe5 22.Qc4  1-0

[Event "Maia Chiburdanidze Cup"]
[Site "Tbilisi GEO"]
[Date "2010.05.27"]
[Round "3"]
[White "Khotenashvili,B"]
[Black "Guramishvili,S"]
[Result "0-1"]
[WhiteElo "2410"]
[BlackElo "2289"]

1.d4 d5 2.c4 c6 3.Nf3 Nf6 4.Nc3 dxc4 5.a4 Bf5 6.Ne5 Nbd7 7.Nxc4 Nb6 8.Ne5 a5
9.e3 g6 10.Bd3 Bxd3 11.Nxd3 Bg7 12.Qb3 O-O 13.O-O Ne8 14.Ne4 Nd6 15.Nec5 Nd7
16.Nxb7 Rb8 17.Nxd8 Rxb3 18.Nc5 Nxc5 19.dxc5 Rxd8 20.cxd6 Rxd6 21.g3 c5 22.Kg2 c4
23.Ra2 Rbd3 24.e4 Re6 25.f3 f5 26.exf5 Re2+ 27.Rf2 Rxf2+ 28.Kxf2 Rd1 29.Be3 Rh1
30.Kg2 Rb1 31.f6 Bxf6 32.Kf2 Bxb2 33.Ke2 c3 34.Kd3 Rh1 35.h4 Re1 36.Bg5 Kf7
37.g4 Ke6 38.f4 Rh1 39.Kc2 Rg1 40.f5+ gxf5 41.gxf5+ Kf7 42.Be3 Rg4 43.h5 Kf6
44.Bb6 Kxf5 45.Bxa5 Rg2+ 46.Kb3 c2 47.Rxb2 c1=Q 48.Rxg2 Qd1+ 49.Rc2 e5 50.Bb6 Qb1+
51.Rb2 Qd3+ 52.Kb4 e4 53.Rb3 Qe2 54.a5 Kg5 55.Re3 Qd2+ 56.Kc4 Qa2+ 57.Kb5 Qd5+
58.Bc5 Qb7+ 59.Bb6 Qd7+ 60.Kb4 Qc6 61.Rc3 Qd6+ 62.Kb5 Qd7+ 63.Kb4 Qe7+ 64.Kb5 Qe8+
65.Kb4 Qf8+ 66.Bc5 Qb8+ 67.Bb6 Kxh5 68.Re3 Qb7 69.Kb5 Qd7+ 70.Kc5 Qa4 71.Kd5 Kg6
72.Rxe4 Qb5+ 73.Kd6 h5 74.Rd4 Kf7 75.Rd5 Qe2 76.Re5 Qd3+ 77.Rd5 Qe2 78.Rd4 h4
79.Rf4+ Ke8 80.Rf2 Qd3+ 81.Kc6 h3 82.Bc5 Qa6+ 83.Kd5 Qa8+ 84.Ke6 Qe4+ 85.Kd6 h2
86.Rxh2 Qf4+ 87.Kc6 Qxh2 88.a6 Qg2+ 89.Kc7 Qd5 90.Kb6 Kd7 91.Bg1 Qg2 92.Bd4 Qe4
93.Bf2 Qb4+ 94.Ka7 Kc8 95.Bg3 Qd4+ 96.Ka8 Qe4+  0-1

[Event "ch-Moscow Final"]
[Site "Moscow RUS"]
[Date "2010.05.28"]
[Round "6"]
[White "Rychagov,A"]
[Black "Deviatkin,A"]
[Result "1/2-1/2"]
[WhiteElo "2551"]
[BlackElo "2574"]

1.d4 d5 2.c4 c6 3.Nf3 Nf6 4.Nc3 dxc4 5.a4 Bf5 6.e3 e6 7.Bxc4 Nbd7 8.O-O Bb4
9.Qb3 a5 10.Na2 Be7 11.Qxb7 Rb8 12.Qa6 Ra8 13.Qxc6 Rc8 14.Qa6 Ra8 15.Qc6 Rc8
16.Qa6 Ra8  1/2-1/2

[Event "Six Seasons WIM"]
[Site "Narayanganj BAN"]
[Date "2010.05.30"]
[Round "13"]
[White "Shamima,A"]
[Black "Sultana,S"]
[Result "1-0"]
[WhiteElo "2122"]
[BlackElo "1980"]

1.d4 d5 2.c4 c6 3.Nf3 Nf6 4.Nc3 dxc4 5.a4 Bf5 6.Ne5 Nbd7 7.Nxc4 Nb6 8.Ne5 a5
9.f3 Nfd7 10.Nxd7 Nxd7 11.e4 Bg6 12.Be2 Qc7 13.f4 f6 14.f5 Bf7 15.Be3 e5
16.fxe6 Bxe6 17.Rc1 Bb4 18.O-O O-O 19.d5 cxd5 20.Nxd5 Qe5 21.Bf4 Qxe4 22.Nc7 Rac8
23.Bd3 Qd4+ 24.Kh1 Qb6 25.Qh5 f5 26.Nxe6 g6 27.Qe2 Rxc1 28.Rxc1 Re8 29.Bc4 Kh8
30.Be5+  1-0

[Event "XXIX Open A"]
[Site "Zalakaros HUN"]
[Date "2010.06.01"]
[Round "7"]
[White "Csonka,B"]
[Black "Jamrich,G"]
[Result "1-0"]
[WhiteElo "2197"]
[BlackElo "2322"]

1.d4 d5 2.c4 dxc4 3.Nf3 Nf6 4.Nc3 c6 5.a4 Bf5 6.Ne5 e6 7.f3 Bb4 8.e4 Nxe4
9.fxe4 Qh4+ 10.Ke2 Bxc3 11.bxc3 Bxe4 12.Ba3 f6 13.Nxc4 Nd7 14.Nd6+ Kd8 15.Nf7+ Ke8
16.Nxh8 Nb6 17.Qe1 Qg4+ 18.Kf2 Nd5 19.Kg1 Rd8 20.Qg3 Qxg3 21.hxg3 Nxc3 22.Bb2 Nd5
23.Re1 Bf5 24.g4 Bxg4 25.Rxh7 Kf8 26.Ng6+ Kf7 27.Rh4 Bf5 28.Nf4 g5 29.Nxd5 Rxd5
30.Rh8 Ra5 31.Rb8 b6 32.Bc4 Rxa4 33.Bxe6+ Bxe6 34.Rb7+ Kg6 35.Rxe6 Rb4 36.d5 Rxb2
37.dxc6 g4 38.c7 g3 39.Re1 Rc2 40.Rxa7 b5 41.Rf1 b4 42.Rb7 f5 43.Rxb4 Rxc7
44.Rb3  1-0

[Event "AES Dominicana"]
[Site "Santo Domingo DOM"]
[Date "2010.06.03"]
[Round "2"]
[White "Lorenzo,L"]
[Black "Moscoso,C"]
[Result "0-1"]
[WhiteElo "2046"]
[BlackElo "2059"]

1.d4 d5 2.Nf3 Nf6 3.c4 c6 4.Nc3 dxc4 5.a4 Bf5 6.e3 e6 7.Bxc4 Bb4 8.O-O O-O
9.Qb3 Qe7 10.Re1 Nbd7 11.Bd2 Bg6 12.e4 a5 13.e5 Nd5 14.Bg5 Qe8 15.Bxd5 exd5
16.Re3 h6 17.Bh4 Qe6 18.Ne2 Be4 19.Nc3 Bf5 20.Nd2 c5 21.Nf3 c4 22.Qd1 Rac8
23.Bg3 Bxc3 24.bxc3 Rfe8 25.Re2 Rb8 26.Rb2 b6 27.Nd2 Bd3 28.f4 Rb7 29.Qf3 Reb8
30.Rb5 Nf8 31.Qxd5 Qf5 32.Nxc4 Qc8 33.Nd6 Qxc3 34.Re1 Bxb5 35.Nxb5 Qc2 36.Nd6 Rd7
37.f5 Rbd8 38.e6 fxe6 39.fxe6 Re7 40.Qf3 Qd2 41.Rd1 Qc2 42.Nf5 Rxe6 43.d5 Re2
44.Rf1 Qe4 45.Bc7 Qxf3 46.Rxf3 Rxd5 47.Kf1 Re6 48.g4 Ng6 49.Rb3 Ne7 50.Nxe7+ Rxe7
51.Bxb6 Rd1+ 52.Kf2 Re4 53.Bxa5 Rxa4 54.Bb4 Rd4 55.Bc3 Rxg4 56.h3 Rg6 57.Kf3 Rh4
58.Rb8+ Kh7 59.Be5 Rxh3+ 60.Kf4 Rg5 61.Bb2 Rhg3 62.Rb7 h5 63.Bc1 R5g4+ 64.Ke5 h4
65.Kf5 h3 66.Bf4 h2 67.Bxg3 Rxg3  0-1

[Event "Aberto do Brasil"]
[Site "Fortaleza BRA"]
[Date "2010.06.04"]
[Round "3"]
[White "Barreto Filho,C"]
[Black "Nonato Veras da Silva,R"]
[Result "1/2-1/2"]
[WhiteElo "2345"]
[BlackElo "2033"]

1.d4 d5 2.c4 c6 3.Nf3 Nf6 4.Nc3 dxc4 5.a4 Bf5 6.e3 Bd3 7.Bxd3 cxd3 8.Qxd3 e6
9.O-O Be7 10.e4 O-O 11.Rd1 Nbd7 12.Bg5 h6 13.Bh4 Re8 14.e5 Nd5 15.Bxe7 Nxe7
16.Ne4 Rf8 17.a5 Ng6 18.Nd6 Qc7 19.Qe3 Rad8 20.b4 Nb8 21.Rac1 Rxd6 22.exd6 Qxd6
23.Rb1 a6 24.Ne5 Ne7 25.Nc4 Qd5 26.Nb6 Qd8 27.Na4 Nd5 28.Qd2 Nd7 29.Nc5 Qc7
30.Rb3 N7f6 31.Qe2 Re8 32.Qe5 Qe7 33.Rg3 Kh8 34.Rdd3 Rg8 35.Rdf3 Nd7 36.Qh5 N7f6
37.Qh4 Kh7 38.Rh3 Rh8 39.Rb3 Qc7 40.Ne4 Nxe4 41.Qxe4+ Kg8 42.Rhf3 Qe7 43.Rg3 Nf6
44.Qe2 Nd5 45.Rgf3 Qh4  1/2-1/2

[Event "Aberto do Brasil"]
[Site "Fortaleza BRA"]
[Date "2010.06.05"]
[Round "5"]
[White "Barreto Filho,C"]
[Black "Damous,Felipe Soares"]
[Result "1/2-1/2"]
[WhiteElo "2345"]
[BlackElo "2030"]

1.d4 d5 2.c4 c6 3.Nf3 Nf6 4.Nc3 dxc4 5.a4 Bf5 6.e3 e6 7.Bxc4 Nbd7 8.O-O Be7
9.Qe2 Bg6 10.e4 O-O 11.Rd1 Nb6 12.Bb3 a5 13.h3 Qc7 14.Ne5 Rfe8 15.Bf4 Bd6
16.Rac1 Qb8 17.Bh2 Nfd7 18.f4 Nxe5 19.dxe5 Bc7 20.Qf3 h6 21.Kh1 Bh7 22.Rc2 Rd8
23.Rf1 Rd4 24.Re2 Rb4 25.Na2 Rd4 26.Bg1 Rd8 27.f5 Nd7 28.fxe6 fxe6 29.Bxe6+ Kh8
30.Bxd7 Rxd7 31.e6 Re7 32.Bc5 Rxe6 33.Qg4 Re8 34.Ref2 Be5 35.Nc3 b6 36.Rf8+ Bg8
37.Rxe8 Qxe8 38.Be3 Qe7 39.Qh5 Bc4 40.Rd1 Bxc3 41.bxc3 Qxe4 42.Bd4 Qe6 43.Kh2 Bd5
44.Re1 Qd6+ 45.Be5 Qe7 46.Qxh6+ Kg8 47.Qf4 Re8  1/2-1/2

[Event "Aberto do Brasil"]
[Site "Fortaleza BRA"]
[Date "2010.06.05"]
[Round "5"]
[White "Lima,Da"]
[Black "Leitao,R"]
[Result "1/2-1/2"]
[WhiteElo "2492"]
[BlackElo "2628"]

1.d4 d5 2.c4 c6 3.Nf3 Nf6 4.Nc3 dxc4 5.a4 Bf5 6.Ne5 e6 7.f3 Bb4 8.Bg5 c5
9.dxc5 Qxd1+ 10.Kxd1 Nbd7 11.Nxd7 Nxd7 12.e4 Bg6 13.c6 bxc6 14.Bxc4 f6 15.Be3 Ke7
16.Ke2  1/2-1/2

[Event "Aberto do Brasil"]
[Site "Fortaleza BRA"]
[Date "2010.06.06"]
[Round "7"]
[White "Jatoba de Oliveira Reis,P"]
[Black "Leitao,R"]
[Result "1/2-1/2"]
[WhiteElo "2335"]
[BlackElo "2628"]

1.Nf3 Nf6 2.c4 c6 3.d4 d5 4.Nc3 dxc4 5.a4 Bf5 6.Nh4 e6 7.Nxf5 exf5 8.e3 Bb4
9.Bxc4 O-O 10.O-O Nbd7 11.Qc2 Nb6 12.Be2 Qd7 13.a5 Nbd5 14.Na4 Rfe8 15.Bd3 g6
16.Nc5 Bxc5 17.Qxc5 a6 18.Bd2 Re6 19.Rae1 Rae8 20.Qc2 Qe7 21.Bc4 h5 22.Qb3 Kg7
23.Rd1 h4 24.h3 Rd8 25.Rfe1 Ne4 26.Bc1 g5 27.f3 Ng3 28.Bd2 f6  1/2-1/2

[Event "TCh-CHN"]
[Site "Shenzhan CHN"]
[Date "2010.06.07"]
[Round "4"]
[White "Ding Liren"]
[Black "Yu Ruiyuan"]
[Result "1/2-1/2"]
[WhiteElo "2565"]
[BlackElo "2309"]

1.d4 d5 2.c4 c6 3.Nc3 Nf6 4.Nf3 dxc4 5.a4 Bf5 6.Ne5 Nbd7 7.Nxc4 Nb6 8.Ne5 a5
9.e3 g6 10.Bd3 Bxd3 11.Nxd3 Nbd5 12.Qb3 Qb6 13.Qxb6 Nxb6 14.Ke2 Bg7 15.b3 Nfd7
16.Ba3 O-O 17.Rac1 Rfe8 18.f4 f6 19.g4 e5 20.dxe5 fxe5 21.f5 e4 22.Nf4 gxf5
23.gxf5 Kf7 24.Rhg1 Bxc3 25.Rxc3 Rg8 26.Rcc1 Rae8 27.Bb2 Rxg1 28.Rxg1 Rg8
29.Rxg8 Kxg8 30.Ne6 Nd5 31.Nd8 Nc5 32.f6 b5 33.Bd4 Nd3 34.Nxc6 Nc1+ 35.Ke1 Nxb3
36.axb5 Nxd4 37.exd4 Kf7 38.Nxa5 Nb6 39.Kf2 Kxf6 40.Kg3 Kf5 41.h3 h6 42.h4 Ke6
43.Kf4 Nd5+ 44.Kg3 Nb6 45.Nc6 Kf5 46.Ne5 h5 47.Nf7 Ke6 48.Ng5+ Kd5 49.Kf4 Kxd4
50.Nxe4 Kc4 51.Kg5 Kxb5 52.Kxh5 Kc6 53.Kg6 Nd5 54.Nf6 Nf4+ 55.Kf5 Ne2 56.Ke5 Ng3
57.Kf4 Ne2+ 58.Ke3 Ng3 59.Kf4 Ne2+ 60.Kg5 Kd6 61.h5 Ke6 62.h6 Kf7 63.Nh5 Kg8
64.Kg6 Kh8 65.Nf6 Nf4+ 66.Kf5 Nd3 67.Ke4 Nc5+ 68.Kd5 Nd7 69.Nxd7 Kh7  1/2-1/2

[Event "TCh-CHN"]
[Site "Shenzhan CHN"]
[Date "2010.06.07"]
[Round "4"]
[White "Wen Yang"]
[Black "Ma Qun"]
[Result "1-0"]
[WhiteElo "2520"]
[BlackElo "2369"]

1.d4 d5 2.c4 c6 3.Nf3 Nf6 4.Nc3 dxc4 5.a4 Bf5 6.Nh4 Bd7 7.e4 e6 8.Bxc4 Nxe4
9.Nxe4 Qxh4 10.Qf3 Bb4+ 11.Kf1 h6 12.Bf4 O-O 13.Be5 f5 14.Ng3 Kh7 15.Nh5 Na6
16.Nxg7 Nc7 17.Qg3 Qxg3 18.hxg3 Nd5 19.Ke2 Rf7 20.Nh5 Be7 21.Rh2 Bf6 22.Rhh1 Be7
23.Rh2 Nf6 24.Nxf6+ Bxf6 25.Rah1 Bxe5 26.Rxh6+ Kg7 27.dxe5 Rg8 28.Bxe6  1-0

[Event "14th Master Open"]
[Site "Voronezh RUS"]
[Date "2010.06.12"]
[Round "1"]
[White "Dubov,Danii"]
[Black "Rysbayeva,K"]
[Result "1-0"]
[WhiteElo "2416"]
[BlackElo "2072"]

1.d4 d5 2.c4 c6 3.Nf3 Nf6 4.Nc3 dxc4 5.a4 Bf5 6.Ne5 Nbd7 7.Nxc4 Nb6 8.Ne5 a5
9.g3 e6 10.Bg2 Bb4 11.O-O O-O 12.e3 Qe7 13.Qe2 Bg6 14.e4 Nfd7 15.h4 Nxe5
16.dxe5 h6 17.Nd1 f5 18.exf6 Qxf6 19.Ne3 e5 20.b3 Qe6 21.h5 Bh7 22.Bb2 Nd7
23.Rad1 Rad8 24.Qc4 Qxc4 25.Nxc4 Nc5 26.f3 Nxb3 27.Bh3 Bc5+ 28.Kg2 Bd4 29.Nxe5 Rfe8
30.Nc4 c5 31.Nxa5 Rb8 32.Bd7 Re7 33.Bb5  1-0

[Event "14th Master Open"]
[Site "Voronezh RUS"]
[Date "2010.06.13"]
[Round "2"]
[White "Jumabayev,R"]
[Black "Ovod,E"]
[Result "1/2-1/2"]
[WhiteElo "2557"]
[BlackElo "2418"]

1.d4 d5 2.c4 c6 3.Nf3 Nf6 4.Nc3 dxc4 5.a4 Bf5 6.Nh4 e6 7.Nxf5 exf5 8.e3 Nbd7
9.Bxc4 Nb6 10.Bb3 a5 11.O-O Qd7 12.Qf3 Be7 13.Rd1 Nbd5 14.Bd2 O-O 15.Qe2 Rfe8
16.Rac1 g6 17.f3 Bf8 18.Nxd5 Nxd5 19.Qd3 Nb4 20.Bxb4 Bxb4 21.e4 Rad8 22.exf5 Qxf5
23.Qxf5 gxf5 24.Kf1 Kg7 25.d5 cxd5 26.Rxd5 Rxd5 27.Bxd5 b6 28.b3 Rd8 29.Bc4 Rd2
30.Re1 Rxg2 31.Kxg2  1/2-1/2

[Event "14th FIDE Open"]
[Site "Voronezh RUS"]
[Date "2010.06.13"]
[Round "2"]
[White "Belov,Y"]
[Black "Bykov,Alexe2"]
[Result "0-1"]
[WhiteElo "1741"]
[BlackElo "2028"]

1.d4 d5 2.c4 c6 3.Nc3 Nf6 4.Nf3 dxc4 5.a4 Bf5 6.e3 e6 7.Bxc4 Nbd7 8.Nh4 Bg4
9.f3 Bh5 10.g4 Bg6 11.Ng2 Bb4 12.h4 h6 13.Bd2 a6 14.e4 c5 15.d5 Nb6 16.Qe2 Nxc4
17.Qxc4 exd5 18.exd5 O-O 19.O-O-O b5 20.Qb3 Qa5 21.g5 c4 22.Qa2 Nd7 23.gxh6 Nc5
24.Ne4 Nb3+ 25.Kc2 Nxd2 26.Nf4 Bf5 27.hxg7 Rfe8 28.Rxd2 Rxe4  0-1

[Event "14th Master Open"]
[Site "Voronezh RUS"]
[Date "2010.06.13"]
[Round "2"]
[White "Korchmar,V"]
[Black "Danin,A"]
[Result "1/2-1/2"]
[WhiteElo "2191"]
[BlackElo "2509"]

1.d4 Nf6 2.c4 c6 3.Nf3 d5 4.Nc3 dxc4 5.a4 Bf5 6.e3 e6 7.Bxc4 Bb4 8.O-O O-O
9.h3 Nbd7 10.Bd3 Bg6 11.Bxg6 hxg6 12.Qe2 Qa5 13.Bd2 e5 14.Qc4 exd4 15.exd4 Rfe8
16.Rfe1 Rxe1+ 17.Rxe1 Re8 18.Ne5 Nxe5 19.Rxe5 Rxe5 20.dxe5 Nd5 21.Qd4 Qb6
22.Qxb6 Nxb6 23.b3 Nd7 24.f4 Bxc3 25.Bxc3 Nc5 26.Bd4 Nxb3 27.Bxa7 Kf8 28.Kf2 Ke7
29.Ke3 Ke6 30.Ke4 b5 31.axb5 cxb5 32.g4 Nd2+ 33.Ke3 Nc4+ 34.Ke4 b4 35.f5+ Kd7
36.Bd4 b3 37.Kd3 b2 38.Kc2 gxf5 39.gxf5 g6 40.e6+ Ke7 41.Bc5+  1/2-1/2

[Event "14th Master Open"]
[Site "Voronezh RUS"]
[Date "2010.06.14"]
[Round "3"]
[White "Kurukin,D"]
[Black "Rysbayeva,K"]
[Result "1-0"]
[WhiteElo "2236"]
[BlackElo "2072"]

1.d4 d5 2.c4 c6 3.Nc3 Nf6 4.Nf3 dxc4 5.a4 Bf5 6.Nh4 Bg4 7.h3 Bh5 8.g4 Bg6
9.Bg2 e6 10.a5 Bb4 11.Qa4 Nd5 12.Nxg6 hxg6 13.e4 Bxc3+ 14.bxc3 Nxc3 15.Qxc4 Nb5
16.d5 exd5 17.exd5 O-O 18.O-O Qf6 19.Be3 a6 20.g5 Qf5 21.Rfd1 Nd7 22.dxc6 Ne5
23.Qc5 Nxc6 24.Rd7 Rab8 25.Qb6 Nc3 26.Re1 Ne4 27.h4 Ne5 28.Rd5 Nc6 29.Rxf5 Nd6  1-0

[Event "ch-NED"]
[Site "Eindhoven NED"]
[Date "2010.06.16"]
[Round "5"]
[White "L'Ami,E"]
[Black "Van Kampen,R"]
[Result "1-0"]
[WhiteElo "2620"]
[BlackElo "2481"]

1.d4 d5 2.c4 c6 3.Nf3 Nf6 4.Nc3 dxc4 5.a4 Bf5 6.e3 e6 7.Bxc4 Bb4 8.O-O O-O
9.Qe2 Nbd7 10.e4 Bg6 11.Bd3 Bh5 12.e5 Nd5 13.Nxd5 cxd5 14.Qe3 Bg6 15.Bxg6 fxg6
16.a5 Bxa5 17.Ng5 Re8 18.Qf3 Nf8 19.Qf7+ Kh8 20.Qxb7 Qb6 21.Qxb6 Bxb6 22.Nf3 Rec8
23.Bd2 h6 24.h4 Kg8 25.Ra4 Nd7 26.Rfa1 Kf7 27.Kf1 Nb8 28.Ke2 Nc6 29.Kd3 Rab8
30.Bc3 Ke8 31.g3 Kd7 32.Ke2 Bd8 33.Ne1 Be7 34.Nd3 Ke8 35.Rh1 Kf7 36.h5 gxh5
37.Rxh5 Rh8 38.Ra1 g6 39.Rh3 h5 40.Rah1 Rhg8 41.f3 Rbf8 42.g4 hxg4 43.fxg4 Rg7
44.Ra1 Rb8 45.Rh6 Bg5 46.Rf1+ Kg8 47.Rh2 Re8 48.Rfh1 Kf7 49.Nc5 Ke7 50.b4 Rb8
51.Rh7 Rg8 52.b5 Nd8 53.Ra1 Ke8 54.Rxa7 Rxa7 55.Rxa7  1-0

[Event "14th FIDE Open"]
[Site "Voronezh RUS"]
[Date "2010.06.16"]
[Round "5"]
[White "Belov,Y"]
[Black "Ioffe,E"]
[Result "0-1"]
[WhiteElo "1741"]
[BlackElo "2077"]

1.d4 d5 2.c4 c6 3.Nc3 Nf6 4.Nf3 dxc4 5.a4 Bf5 6.Ne5 Nbd7 7.Nxc4 Qc7 8.g3 e5
9.Nxe5 Nxe5 10.dxe5 Qxe5 11.Bf4 Qa5 12.Bg2 Bb4 13.Qc1 O-O 14.O-O Rfe8 15.Re1 Rad8
16.Bg5 Rd6 17.Qf4 h6 18.Bxf6 Rxf6 19.Qc1 Re5 20.e4 Bg6 21.f4 Rc5 22.f5 Bh7
23.Qf4 Re5 24.Red1 Bd6 25.Kh1 Rexf5 26.Qg4 Qb4 27.h3 h5 28.Qe2 Re5 29.Qe3 Qc5
30.Rd4 Bg6 31.Qd3 Re7 32.h4 Kh7 33.Ne2 Be5 34.b4 Qb6 35.a5 Qc7 36.Rc4 Rd6
37.Nd4 Qd8 38.Rd1 Red7 39.Qe2 Rxd4  0-1

[Event "Sveins Minneturnering"]
[Site "Oslo NOR"]
[Date "2010.06.19"]
[Round "2"]
[White "Schmitz,Man"]
[Black "Stigar,P"]
[Result "1/2-1/2"]
[WhiteElo "2007"]
[BlackElo "2281"]

1.d4 d5 2.Nf3 Nf6 3.c4 c6 4.Nc3 dxc4 5.a4 Bf5 6.e3 e6 7.Bxc4 Bb4 8.Qb3 a5
9.O-O Nbd7 10.Ne2 h6 11.Ng3 Bh7 12.Rd1 O-O 13.Bd3 Bxd3  1/2-1/2

[Event "4th Open"]
[Site "Varna BUL"]
[Date "2010.06.19"]
[Round "8"]
[White "Dimitrov,R"]
[Black "Sadzikowski,D"]
[Result "1/2-1/2"]
[WhiteElo "2393"]
[BlackElo "2258"]

1.d4 d5 2.c4 c6 3.Nc3 Nf6 4.Nf3 dxc4 5.a4 Bf5 6.e3 e6 7.Bxc4 Bb4 8.O-O O-O
9.Qe2 Nbd7 10.e4 Bg6 11.e5 Nd5 12.Bd2 Be7 13.a5 a6 14.Ne4 Rc8 15.b4 Nxb4
16.Rab1 c5 17.dxc5 Nc6 18.Rbd1 Qc7 19.Nd6 Rb8 20.Qe3 Nxa5 21.Ba2 Nc6 22.Rc1 Bh5
23.Rfe1 Bxf3 24.Qxf3 Ncxe5 25.Qg3 Ng6 26.Rxe6 Bxd6 27.Rxd6 Nf6 28.Qd3 Rbe8
29.f3 Ne5 30.Qf5 Ng6 31.Bc3 Ne7 32.Qg5 h6 33.Qd2 Qxc5+ 34.Kh1 Qg5 35.f4 Qh4
36.Bxf6 Qg4 37.g3 gxf6 38.Rxf6 Qf3+ 39.Qg2 Qxg2+ 40.Kxg2 Kg7 41.Rb6 Rc8  1/2-1/2

[Event "Open"]
[Site "Teplice CZE"]
[Date "2010.06.20"]
[Round "9"]
[White "Marikova,J"]
[Black "Kaluzny,Michal"]
[Result "1-0"]
[WhiteElo "1837"]
[BlackElo "1592"]

1.d4 d5 2.c4 c6 3.Nc3 Nf6 4.Nf3 dxc4 5.a4 Bf5 6.e3 e6 7.Bxc4 Bb4 8.O-O O-O
9.Qb3 Qa5 10.Na2 c5 11.dxc5 Nc6 12.Nxb4 Qxb4 13.Qxb4 Nxb4 14.Bd2 a5 15.Bxb4 axb4
16.Bb5 Rac8 17.Rfc1 Be4 18.Ne5 Rfd8 19.f3 Rd5 20.Nc4 Bg6 21.Nb6 Rcd8 22.Nxd5 Rxd5
23.e4 Rd8 24.Rd1  1-0

[Event "14th Master Open"]
[Site "Voronezh RUS"]
[Date "2010.06.20"]
[Round "8"]
[White "Tarasova,Viktoriy"]
[Black "Chuprikov,D"]
[Result "0-1"]
[WhiteElo "2292"]
[BlackElo "2414"]

1.d4 d5 2.c4 c6 3.Nf3 Nf6 4.Nc3 dxc4 5.a4 Bf5 6.e3 e6 7.Bxc4 Bb4 8.O-O Nbd7
9.Qb3 a5 10.Nh4 Bg4 11.f3 Bh5 12.g4 Nd5 13.Ng2 Bg6 14.e4 N5b6 15.Be2 O-O
16.Rd1 Qe7 17.Be3 f6 18.Qc2 e5 19.Na2 exd4 20.Bxd4 Bc5 21.Kh1 Rfd8 22.Nh4 Bxd4
23.Nxg6 hxg6 24.Rxd4 Nc5 25.Rxd8+ Rxd8 26.Rc1 Nbd7 27.Nc3 g5 28.Nd1 b6  0-1

[Event "Scheveningen"]
[Site "Kefar Sava ISR"]
[Date "2010.06.21"]
[Round "2"]
[White "Lerner,K"]
[Black "Reshef,O"]
[Result "1-0"]
[WhiteElo "2530"]
[BlackElo "1950"]

1.d4 d5 2.c4 c6 3.Nf3 Nf6 4.Nc3 dxc4 5.a4 Bf5 6.e3 Nbd7 7.Bxc4 e6 8.O-O Bd6
9.h3 O-O 10.Nh4 Bg6 11.Nxg6 hxg6 12.Qc2 Qe7 13.Rd1 Nd5 14.Ne4 Nb4 15.Qe2 a5
16.Nxd6 Qxd6 17.e4 Nb6 18.Bb3 Rac8 19.Be3 Qe7 20.d5 c5 21.dxe6 fxe6 22.Rac1 Rc6
23.Rc3 Rfc8 24.Qb5 Nd7 25.Qxb7 R6c7 26.Qb5 Ne5 27.Rdc1 Qh4 28.Bxe6+ Kh7 29.Bxc8 Rxc8
30.Rxc5 Rxc5 31.Rxc5 Ned3 32.Rc8 Qxe4 33.Qb8 g5 34.Rh8+ Kg6 35.Qd6+ Kf5 36.Rf8+  1-0

[Event "14th Master Open"]
[Site "Voronezh RUS"]
[Date "2010.06.21"]
[Round "9"]
[White "Nikolaeva,A2"]
[Black "Tarasova,Viktoriy"]
[Result "0-1"]
[WhiteElo "2208"]
[BlackElo "2292"]

1.d4 d5 2.c4 c6 3.Nf3 Nf6 4.Nc3 dxc4 5.a4 Bf5 6.Nh4 e6 7.Nxf5 exf5 8.e3 Bb4
9.Bxc4 O-O 10.O-O Nbd7 11.Qc2 g6 12.b3 Nb6 13.Bb2 Nbd5 14.Rad1 Re8 15.Ne2 Bd6
16.g3 h5 17.Nc1 h4 18.Be2 Ne4 19.Bf3 hxg3 20.hxg3 Qg5 21.Nd3 Nxg3 22.fxg3 Nxe3
23.Qd2 Qxg3+ 24.Bg2 Qh2+  0-1

[Event "King's Gambit A"]
[Site "Lipetsk RUS"]
[Date "2010.06.23"]
[Round "1"]
[White "Ovod,E"]
[Black "Airapetian,G"]
[Result "0-1"]
[WhiteElo "2418"]
[BlackElo "2429"]

1.d4 d5 2.c4 c6 3.Nf3 Nf6 4.Nc3 dxc4 5.a4 Bf5 6.e3 e6 7.Bxc4 Bb4 8.Ne5 Nbd7
9.Nxd7 Nxd7 10.O-O O-O 11.e4 Bg6 12.f3 Qa5 13.Na2 Bd6 14.Bd2 Qc7 15.e5 Be7
16.b4 Rfd8 17.Qe2 Nb6 18.a5 Nxc4 19.Qxc4 b6 20.Rfc1 bxa5 21.bxa5 c5 22.Bb4 Bg5
23.Re1 Rxd4 24.Qxc5 Qd7 25.Bc3 Rd5 26.Qf2 Rc8 27.h4 Bd2 28.Bxd2 Rxd2 29.Re2 Rxe2  0-1

[Event "King's Gambit A"]
[Site "Lipetsk RUS"]
[Date "2010.06.24"]
[Round "2"]
[White "Gladyszev,O"]
[Black "Ovod,E"]
[Result "1-0"]
[WhiteElo "2480"]
[BlackElo "2418"]

1.d4 d5 2.c4 c6 3.Nf3 Nf6 4.Nc3 dxc4 5.a4 Bf5 6.Ne5 Nbd7 7.Nxc4 Qc7 8.g3 e5
9.dxe5 Nxe5 10.Bf4 Nfd7 11.Bg2 f6 12.O-O O-O-O 13.Rc1 Nc5 14.Qe1 Kb8 15.b4 Nb3
16.Nb5 Qe7 17.Nxe5 fxe5 18.Rxc6 bxc6 19.Qc3 Qe6 20.Bxe5+ Kb7 21.Nc7 Qg6 22.Qc4 Rd6
23.Bxd6 Qxd6 24.Ne8 Qe6 25.Qb5+ Kc8 26.Bxc6 Bd6 27.Nxg7 Qe5 28.Nxf5 Qxb5
29.Nxd6+ Kc7 30.Bxb5 Kxd6 31.Rd1+  1-0

[Event "1st Open"]
[Site "Marrakesh MAR"]
[Date "2010.06.26"]
[Round "2"]
[White "Romanov,E"]
[Black "Benitah,Y"]
[Result "1/2-1/2"]
[WhiteElo "2594"]
[BlackElo "2385"]

1.Nf3 d5 2.d4 Nf6 3.c4 c6 4.Nc3 dxc4 5.a4 Bf5 6.e3 e6 7.Bxc4 Bb4 8.O-O O-O
9.Qb3 Qe7 10.Nh4 Bg4 11.f3 Bh5 12.g4 Bg6 13.Ng2 a5 14.e4 Nfd7 15.h4 h6 16.g5 hxg5
17.Bxg5 Qd6 18.Rad1 Nb6 19.Be2 N8d7 20.Rf2 f6 21.Be3 Bf7 22.Qc2 e5 23.Na2 exd4
24.Rxd4 Qe7 25.Nxb4 axb4 26.Bf4 Ne5 27.Ne3 Be6 28.Bg3 Rxa4 29.Rd1 b3 30.Qc3 Nf7
31.Ng2 Qb4 32.Qc1 Bc4 33.Ne3 Be6 34.Ng2 Bc4 35.Ne3 Be6  1/2-1/2

[Event "1st Open"]
[Site "Marrakesh MAR"]
[Date "2010.06.28"]
[Round "5"]
[White "Kunin,V"]
[Black "Godard,M"]
[Result "1-0"]
[WhiteElo "2535"]
[BlackElo "2344"]

1.d4 Nf6 2.c4 c6 3.Nc3 d5 4.Nf3 dxc4 5.a4 Bf5 6.Ne5 Nbd7 7.Nxc4 Qc7 8.g3 e5
9.dxe5 Nxe5 10.Bf4 Nfd7 11.Bg2 Be6 12.Nxe5 Nxe5 13.Qd4 f6 14.O-O Be7 15.Rac1 g5
16.Be3 Qd7 17.Ne4 Qxd4 18.Bxd4 g4 19.Bxe5 fxe5 20.Nc5 Bc8 21.Nd3 Bf6 22.Rxc6 bxc6
23.Bxc6+ Bd7 24.Bxa8 Ke7 25.Be4 h5 26.Rc1 Kd6 27.Nc5 Bc8 28.b4 Bd8 29.Bb7 Bf5
30.e4 Be6 31.Rd1+ Ke7 32.Nxe6 Kxe6 33.Bc8+ Kf6 34.Rd6+ Kg5 35.Bf5 Rg8 36.Re6 Bb6
37.Rxe5 Rd8 38.Re6  1-0

[Event "1st Open"]
[Site "Marrakesh MAR"]
[Date "2010.06.28"]
[Round "5"]
[White "Valles,M"]
[Black "Fargere,Fr"]
[Result "0-1"]
[WhiteElo "2242"]
[BlackElo "2489"]

1.d4 d5 2.c4 c6 3.Nc3 Nf6 4.Nf3 dxc4 5.a4 Bf5 6.Ne5 e6 7.f3 Bb4 8.g4 Nd5
9.Qd2 Qh4+ 10.Kd1 Bg6 11.e4 Nb6 12.a5 N6d7 13.Nxc4 O-O 14.Qg5 Qf2 15.Qe3 Qh4
16.Na2 Be7 17.Bd2 f5 18.Be1 Qf6 19.Bc3 fxe4 20.fxe4 Qf4 21.Qxf4 Rxf4 22.e5 c5
23.Be2 Be4 24.Rf1 Rxf1+ 25.Bxf1 cxd4 26.Bb4 Nc6 27.Bxe7 Nxe7 28.Nb4 Ng6 29.Nd2 Rf8
30.Bc4 Ndxe5 31.Bxe6+ Kh8  0-1